Loud Luxury Charting Songs (Billboard Hot Dance) - Statistics

General Stats
  • This quiz has been taken 19 times
    3 since last reset
  • The average score is 7 of 17
Answer Stats
Album Weeks On Peak Artist(s) Song % Correct
Non-Album Single 52 Weeks #7 Loud Luxury ft. brando Body
100%
Carnival 26 Weeks #12 Loud Luxury & Bryce Vine I'm Not Alright
67%
Non-Album Single 1 Week #48 Loud Luxury & Hook N Sling Afterparty
33%
Nights Like This EP 20 Weeks #16 Loud Luxury ft. Morgan St. Jean Aftertaste
33%
Non-Album Single 4 Weeks #39 Loud Luxury & Ship Wrek ft. GASHI Amnesia
33%
Non-Album Single 7 Weeks #20 Loud Luxury ft. brando, Pitbull & Nicky Jam Body On My
33%
Nights Like This EP 7 Weeks #22 Loud Luxury Cold Feet
33%
Nights Like This EP 3 Weeks #42 Loud Luxury ft. brando Gummy
33%
Non-Album Single 1 Week #39 Loud Luxury Holiday Hills
33%
Non-Album Single 20 Weeks #18 Loud Luxury, Two Friends & Bebe Rexha If Only I
33%
Non-Album Single 20 Weeks #26 Loud Luxury & Frank Walker ft. Stephen Puth Like Gold
33%
Non-Album Single 20 Weeks #23 Loud Luxury & Anders Love No More
33%
Non-Album Single 6 Weeks #12 Loud Luxury, DVBBS & Kane Brown Next To You
33%
Nights Like This EP 11 Weeks #26 Loud Luxury x CID Nights Like This
33%
Non-Album Single 1 Week #43 Loud Luxury & Thutmose Red Handed
33%
Non-Album Single 20 Weeks #24 Loud Luxury ft. KIDDO These Nights
33%
Non-Album Single 1 Week #29 Loud Luxury ft. WAV3POP Wasted
33%
No matching quizzes found
Score Distribution
Percent of People with Each Score
Percentile by Number Answered
Your Score History
You have not taken this quiz since the last reset